|
|
|
|
| LEADER |
00000nam a22000007a 4500 |
| 005 |
20161004165639.0 |
| 007 |
cr|||| ||u| |
| 008 |
161004s2015 Bl |||||o|||| 001 0 Por d |
| 020 |
|
|
|a 978-85-8183-053-7
|
| 035 |
|
|
|a 14384
|
| 040 |
|
|
|a vLex
|
| 090 |
|
|
|c 6274
|d 6274
|
| 100 |
1 |
|
|a Ribeiro do Val Neto, Pedro
|
| 245 |
1 |
|
|a A defesa do fornecedor comerciante
|h [Recurso electrn̤ico] :
|b Antd̕otos para a Inds︢tria das Indenizaė̳s /
|c Pedro Ribeiro do Val Neto .
|
| 256 |
|
|
|a Servicio en ln̕ea
|
| 260 |
|
|
|a Sô Paulo:
|b Pillares,
|c 2015.
|
| 300 |
|
|
|a 1 Recurso electrn̤ico
|
| 506 |
1 |
|
|a Disponible solo en los productos indicados
|d vLex Global
|d vLex Global (Academic Edition, excluding Law Schools)
|d vLex Global (U.S. Academic Edition, Law Schools)
|d vLex Global (U.S. Academic Edition, excluding Law Schools)
|d vLex Global (Academic Edition, Law Schools)
|
| 650 |
0 |
4 |
|a Derecho mercantil
|z Brasil
|
| 650 |
0 |
4 |
|a Comercio
|z Brasil
|
| 740 |
0 |
|
|a vLex libros (servicio en ln̕ea)
|
| 856 |
4 |
0 |
|z Acceso restringido
|u http://vlex.com/source/defesa-do-fornecedor-comerciante-antidotos-para-a-industria-das-indeniza-es-14384
|
| 942 |
|
|
|c BOOK
|
| 999 |
0 |
|
|a Commercial law
|
| 999 |
0 |
|
|a Commerce
|